Leis, decretos e portarias : (Record no. 1145)
[ view plain ]
| 000 -LÍDER | |
|---|---|
| Campo Fixo de Controle | 00931nam a2200265 a 4500 |
| 001 - NÚMERO DE CONTROLE | |
| Campo de Controle | 1145 |
| 003 - IDENTIFICAÇÃO DO NÚMERO DE CONTROLE | |
| Campo de Controle | BR-CuiBMT |
| 005 - DATA E HORA DA ÚLTIMA ATUALIZAÇÃO | |
| Campo de Controle | 20231130162213.0 |
| 008 - DADOS FIXOS | |
| Dados Fixos | 231129s2001 mtba 000 0 por d |
| 040 ## - AGÊNCIA CATALOGADORA | |
| Código da Agência Catalogadora | BR-CuiBMT |
| Agência que transcreveu o registro | BR-CuiBMT |
| 080 ## - Nº DA CLASSIFICAÇÃO DECIMAL UNIVERSAL | |
| Nº edição CDU | 2007 |
| Nº Class. CDU | 614.2 |
| Subd. Auxiliar Comum | (817.2) |
| -- | (094.4) |
| 090 ## - NÚMERO DE CHAMADA | |
| Nº classificação | 614.2(817.2)(094.4) |
| Cutter | M433l |
| 110 1# - ENTRADA PRINCIPAL -- ENTIDADE | |
| Nome da entidade ou lugar | Mato Grosso |
| 245 10 - TÍTULO PRINCIPAL | |
| Título principal | Leis, decretos e portarias : |
| Subtítulo | Mato Grosso, 2000 / |
| Indicação de responsabilidade | Secretaria de Saúde. |
| 260 ## - PUBLICAÇÃO, DISTRIBUIÇÃO, ETC. | |
| Local de publicação | Cuiabá : |
| Editora | Secretaria de Estado de Saúde, |
| Data | 2001. |
| 300 ## - DESCRIÇÃO FÍSICA | |
| N. páginas ou volumes | 214 p. : |
| Ilustrações | il. ; |
| Dimensões | 22 cm |
| 490 1# - INDICAÇÃO DE SÉRIE | |
| Título da série | Legislação da saúde em Mato Grosso ; |
| Volume/designação sequencial da série | v. 5 |
| 504 ## - NOTA DE BIBLIOGRAFIA, ETC. | |
| Nota de bibliografia | Inclui bibliografia. |
| 610 ## - ASSUNTO -- ENTIDADE | |
| Fonte do cabeçalho ou termo | Sistema Único de Saúde |
| Subdivisão geográfica | Brasil |
| 650 ## - ASSUNTO TÓPICO | |
| Cabeçalho tópico ou nome geográfico | Saúde pública |
| Subdivisão geral | Legislação |
| Subdivisão geográfica | Mato Grosso |
| 650 ## - ASSUNTO TÓPICO | |
| Cabeçalho tópico ou nome geográfico | Políticas de saúde |
| Subdivisão de forma | Legislação |
| Subdivisão geográfica | Mato Grosso |
| 710 1# - ENTRADA SECUNDÁRIA -- ENTIDADE | |
| Nome da entidade ou lugar | Mato Grosso. |
| Unidade subordinada | Secretaria de Saúde. |
| 830 #0 - ENTRADA SECUNDÁRIA DE SÉRIE -- TÍTULO UNIFORME | |
| Título uniforme | Legislação da saúde em Mato Grosso ; |
| Nº do volume/designação sequencial da série | 5 |
| 942 ## - ELEMENTOS DE ENTRADA ADICIONAIS (KOHA) | |
| Fonte de classificação ou esquema de arquivamento | Classificação Decimal Universal |
| Tipo de item do Koha | Livros |
| Estado: removido | Estado: perdido | Fonte de classificação ou esquema de arquivamento | Estado: danificado | Indisponível para empréstimo | Localização permanente | Localização atual | Data de aquisição | Total Checkouts | Número de Chamada completo | Código de barras | Date last seen | Número do exemplar | Preço efetivo a partir de | Tipo de item (Koha) |
|---|---|---|---|---|---|---|---|---|---|---|---|---|---|---|
| Classificação Decimal Universal | Biblioteca da Escola Superior de Contas do TCE/MT | Biblioteca da Escola Superior de Contas do TCE/MT | 29/11/2023 | 614.2(817.2)(094.4) M425l | BIBTCEMT23111333 | 29/11/2023 | Ex. 1 | 29/11/2023 | Livros |